000 00214 a2200097 4500
000 nam a22 7a 4500
245 _aPlant Archives
260 _bPlant Archives
264 _bPlant Archives
942 _cJOURNAL
_s1
999 _c313663
_d313663